000 00297 a2200133 4500
000 nam a22 7a 4500
100 _aWendell A. Lim
110 _aWendell A. Lim
245 _aCell Signaling
250 _alatest edition
260 _bCRC/CBS
_c2025
264 _bCRC/CBS
_c2025
942 _cBK
999 _c394087
_d394087